Erdélyi múlt, román jelen, magyar jövő

Elmentve itt :
Bibliográfiai részletek
Szerző: Tamás Gáspár Miklós
Dokumentumtípus: Cikk
Megjelent: 1988
Sorozat:Beszélő : politikai és kulturális folyóirat 24
Kulcsszavak:Történelemtudomány, Magyarország történelme, Politikatudomány
Online Access:http://misc.bibl.u-szeged.hu/2393
LEADER 00677nab a2200181 i 4500
001 misc2393
005 20191106141407.0
008 170607s1988 hu o 0|| hun d
022 |a 0865-4093 
040 |a SZTE Miscellanea Repozitórium  |b hun 
041 |a hun 
100 1 |a Tamás Gáspár Miklós 
245 1 0 |a Erdélyi múlt, román jelen, magyar jövő  |h [elektronikus dokumentum] /  |c  Tamás Gáspár Miklós 
260 |c 1988 
300 |a 35-39 
490 0 |a Beszélő : politikai és kulturális folyóirat  |v 24 
695 |a Történelemtudomány, Magyarország történelme, Politikatudomány 
856 4 0 |u http://misc.bibl.u-szeged.hu/2393/1/beszelo_024_035-039.pdf  |z Dokumentum-elérés